000 00587cam a2200193ua 4500
001 1008
008 110426n ii |||gr||||Z||||||eng
040 _cMAIN
082 _a322.4454162
245 1 _aBharatar swadhinata andulan aru swadhinata andulanat ashomar bhumika.
_cBy Kripesh Chandra Paul.
250 _a1st.
260 _aGowahati.:
_bRupalim prakashan,996.
300 _aviii, 280 p.:
_c20 cm.
653 _aPolitical science.
653 _aBharatar swadhinata andulanat ashomar bhumika.
700 _aPaul, Kripesh Chandra.,
700 _aNayak, Pratul Chandra.,
942 _cBK
999 _c927
_d927